|
|
|
|
| LEADER |
00909nab a2200253 i 4500 |
| 001 |
misc65133 |
| 005 |
20230515085832.0 |
| 008 |
230330s1950 hu o 0|| ger d |
| 040 |
|
|
|a SZTE Miscellanea Repozitórium
|b hun
|
| 041 |
|
|
|a ger
|
| 100 |
1 |
|
|a Turková Helena
|
| 245 |
1 |
0 |
|a Mutmassliche Erklärung des Wortes DWDWŠQA im Sejáhatnáme des Evlijá Čelebí
|h [elektronikus dokumentum] /
|c Turková Helena
|
| 260 |
|
|
|a [Orientální Ústav]
|b [Praha]
|c 1950
|
| 300 |
|
|
|a 317-320
|c 25 cm
|
| 300 |
|
|
|a [4] p.
|c 25 cm
|
| 490 |
0 |
|
|a Archiv Orientální
|
| 561 |
|
|
|a Németh Gyula hagyaték
|
| 591 |
|
|
|a NOA 6203
|
| 650 |
|
4 |
|a Bölcsészettudományok
|
| 650 |
|
4 |
|a Történettudomány és régészet
|
| 650 |
|
4 |
|a Nyelvek és irodalom
|
| 695 |
|
|
|a Magyarország - útleírás - 17. sz.
|
| 700 |
0 |
1 |
|a Cselebi Evlija
|
| 856 |
4 |
0 |
|u http://misc.bibl.u-szeged.hu/65133/1/6203_noa.pdf
|z Dokumentum-elérés
|